000 00264nam a2200097Ia 4500
008 210107s9999 xx 000 0 und d
100 _aBannock, Graham; Baxter,R.E and Davis,Evan
245 0 _aDictionary of Economics
260 _aLondon
_bProfile books
942 _cBK
999 _c11092
_d11092